[Event "Stay Safe Play From Home 131"]
[Site "T#645805Emanuel Laske"]
[Date "2020.05.07"]
[Round "1"]
[White "Indianquant"]
[Black "Ujwalachitre79"]
[Result "1-0"]
[WhiteElo "2251"]
[BlackElo "1672"]
[PlyCount "97"]
[EventDate "2020.05.07"]
[EventType "swiss (blitz)"]

1. Nf3 {[%emt 0:00:02]} Nf6 {[%emt 0:00:02]} 2. c4 {[%emt 0:00:03]} c6 {[%emt 0:00:04]} 3. d4 {[%emt 0:00:02]} e6 {[%emt 0:00:02]} 4. Nc3 {[%emt 0:00:08]} d5 {[%emt 0:00:01]} 5. e3 {[%emt 0:00:01]} Bb4 {[%emt 0:00:02]} 6. Bd3 {[%emt 0:00:01]} dxc4 {[%emt 0:00:04]} 7. Bxc4 {[%emt 0:00:01]} Nbd7 {[%emt 0:00:00]} 8. O-O {[%emt 0:00:02]} Nb6 {[%emt 0:00:01]} 9. Bb3 {[%emt 0:00:02]} Nbd5 {[%emt 0:00:01]} 10. Bd2 {[%emt 0:00:07]} Bxc3 {[%emt 0:00:03]} 11. bxc3 {[%emt 0:00:01]} Ne4 {[%emt 0:00:02]} 12. c4 {[%emt 0:00:10]} Nxd2 {[%emt 0:00:01]} 13. Qxd2 {[%emt 0:00:02]} Nf6 {[%emt 0:00:01]} 14. Qc2 {[%emt 0:00:04]} O-O {[%emt 0:00:02]} 15. Rad1 {[%emt 0:00:01]} Qc7 {[%emt 0:00:02]} 16. c5 {[%emt 0:00:02]} h6 {[%emt 0:00:04]} 17. Rfe1 {[%emt 0:00:01]} Nd5 {[%emt 0:00:02]} 18. e4 {[%emt 0:00:02]} Nf4 {[%emt 0:00:01]} 19. g3 {[%emt 0:00:05]} Ng6 {[%emt 0:00:03]} 20. h4 {[%emt 0:00:01]} Ne7 {[%emt 0:00:08]} 21. Qe2 {[%emt 0:00:09]} Kh8 {[%emt 0:00:02]} 22. Qe3 {[%emt 0:00:04]} f5 {[%emt 0:00:02]} 23. Ne5 {[%emt 0:00:03]} Kh7 {[%emt 0:00:05]} 24. Bc2 {[%emt 0:00:02]} g6 {[%emt 0:00:07]} 25. h5 {[%emt 0:00:02]} Qd8 {[%emt 0:00:11]} 26. hxg6+ {[%emt 0:00:08]} Nxg6 {[%emt 0:00:00]} 27. exf5 {[%emt 0:00:01]} exf5 {[%emt 0:00:03]} 28. Nxg6 {[%emt 0:00:20]} Kxg6 {[%emt 0:00:00]} 29. Qe5 {[%emt 0:00:08]} Qf6 {[%emt 0:00:05]} 30. Bb3 {[%emt 0:00:09]} Qxe5 {[%emt 0:00:05]} 31. Rxe5 {[%emt 0:00:00]} Bd7 {[%emt 0:00:01]} 32. Re7 {[%emt 0:00:01]} Rad8 {[%emt 0:00:03]} 33. d5 {[%emt 0:00:01]} cxd5 {[%emt 0:00:06]} 34. Rxd5 {[%emt 0:00:03]} Bc6 {[%emt 0:00:02]} 35. Rd6+ {[%emt 0:00:04]} Rxd6 {[%emt 0:00:10]} 36. cxd6 {[%emt 0:00:00]} Rd8 {[%emt 0:00:00]} 37. Re6+ {[%emt 0:00:00]} Kg7 {[%emt 0:00:02]} 38. f4 {[%emt 0:00:01]} a5 {[%emt 0:00:03]} 39. a4 {[%emt 0:00:02]} Rd7 {[%emt 0:00:04]} 40. Kf2 {[%emt 0:00:02]} Be4 {[%emt 0:00:02]} 41. Ke3 {[%emt 0:00:02]} Bc6 {[%emt 0:00:14]} 42. Kd4 {[%emt 0:00:01]} b5 {[%emt 0:00:00]} 43. Kc5 {[%emt 0:00:01]} Be4 {[%emt 0:00:05]} 44. axb5 {[%emt 0:00:01]} Kf8 {[%emt 0:00:10]} 45. b6 {[%emt 0:00:02]} Rb7 {[%emt 0:00:07]} 46. Ba4 {[%emt 0:00:01]} Kg7 {[%emt 0:00:03]} 47. d7 {[%emt 0:00:01]} Rb8 {[%emt 0:00:02]} 48. Re8 {[%emt 0:00:01]} Rc8+ {[%emt 0:00:02]} 49. dxc8=Q {[%emt 0:00:01] (Lag: Av=1.14s, max=1.9s)} 1-0

[Event "Stay Safe Play From Home 131"]
[Site "T#645805Emanuel Laske"]
[Date "2020.05.07"]
[Round "1"]
[White "Little champs"]
[Black "Chase the sun"]
[Result "1/2-1/2"]
[WhiteElo "2096"]
[BlackElo "1880"]
[PlyCount "125"]
[EventDate "2020.05.07"]
[EventType "swiss (blitz)"]

1. d3 {[%emt 0:00:13]} e6 {[%emt 0:00:01]} 2. f3 {[%emt 0:00:02]} f5 {[%emt 0:00:04]} 3. g3 {[%emt 0:00:02]} Nf6 {[%emt 0:00:02]} 4. e4 {[%emt 0:00:04]} fxe4 {[%emt 0:00:02]} 5. dxe4 {[%emt 0:00:05]} Bc5 {[%emt 0:00:01]} 6. Qe2 {[%emt 0:00:02]} O-O {[%emt 0:00:05]} 7. Be3 {[%emt 0:00:01]} Bxe3 {[%emt 0:00:02]} 8. Qxe3 {[%emt 0:00:01]} d5 {[%emt 0:00:00]} 9. e5 {[%emt 0:00:01]} Nfd7 {[%emt 0:00:02]} 10. f4 {[%emt 0:00:01]} b6 {[%emt 0:00:03]} 11. Nf3 {[%emt 0:00:01]} Ba6 {[%emt 0:00:01]} 12. Bxa6 {[%emt 0:00:02]} Nxa6 {[%emt 0:00:00]} 13. O-O {[%emt 0:00:00]} h6 {[%emt 0:00:03]} 14. Nbd2 {[%emt 0:00:06]} Nb4 {[%emt 0:00:01]} 15. Qb3 {[%emt 0:00:15]} c5 {[%emt 0:00:01]} 16. a3 {[%emt 0:00:07]} Nc6 {[%emt 0:00:02]} 17. c4 {[%emt 0:00:01]} Nd4 {[%emt 0:00:09]} 18. Nxd4 {[%emt 0:00:01]} cxd4 {[%emt 0:00:01]} 19. cxd5 {[%emt 0:00:00]} Nc5 {[%emt 0:00:01]} 20. Qc4 {[%emt 0:00:01]} Qxd5 {[%emt 0:00:04]} 21. Qxd5 {[%emt 0:00:01]} exd5 {[%emt 0:00:00]} 22. Nf3 {[%emt 0:00:02]} d3 {[%emt 0:00:06]} 23. b4 {[%emt 0:00:04]} Ne4 {[%emt 0:00:03]} 24. Rfd1 {[%emt 0:00:02]} Rac8 {[%emt 0:00:04]} 25. Rxd3 {[%emt 0:00:05]} Rc2 {[%emt 0:00:01]} 26. Rxd5 {[%emt 0:00:06]} Rfc8 {[%emt 0:00:01]} 27. Rad1 {[%emt 0:00:02]} Kh7 {[%emt 0:00:11]} 28. e6 {[%emt 0:00:05]} Nc3 {[%emt 0:00:02]} 29. Re5 {[%emt 0:00:04]} Nxd1 {[%emt 0:00:03]} 30. e7 {[%emt 0:00:01]} Re8 {[%emt 0:00:01]} 31. Nd4 {[%emt 0:00:05]} Rc7 {[%emt 0:00:03]} 32. Nf5 {[%emt 0:00:01]} Nc3 {[%emt 0:00:13]} 33. h4 {[%emt 0:00:03]} a6 {[%emt 0:00:23]} 34. h5 {[%emt 0:00:01]} Nb5 {[%emt 0:00:01]} 35. a4 {[%emt 0:00:03]} Nc3 {[%emt 0:00:04]} 36. g4 {[%emt 0:00:02]} Nxa4 {[%emt 0:00:02]} 37. g5 {[%emt 0:00:01]} hxg5 {[%emt 0:00:02]} 38. fxg5 {[%emt 0:00:01]} Nc3 {[%emt 0:00:09]} 39. g6+ {[%emt 0:00:01]} Kg8 {[%emt 0:00:01]} 40. Kg2 {[%emt 0:00:13]} Nb5 {[%emt 0:00:02]} 41. Kg3 {[%emt 0:00:01]} Rd7 {[%emt 0:00:01]} 42. Kg4 {[%emt 0:00:02]} Nd6 {[%emt 0:00:01]} 43. Rd5 {[%emt 0:00:02]} Nxf5 {[%emt 0:00:03]} 44. Rxd7 {[%emt 0:00:01]} Nxe7 {[%emt 0:00:03]} 45. Rb7 {[%emt 0:00:03]} Nd5 {[%emt 0:00:03]} 46. Kg5 {[%emt 0:00:02]} Re5+ {[%emt 0:00:06]} 47. Kg4 {[%emt 0:00:01]} Kf8 {[%emt 0:00:01]} 48. Rf7+ {[%emt 0:00:01]} Kg8 {[%emt 0:00:02]} 49. Ra7 {[%emt 0:00:01]} Re8 {[%emt 0:00:06]} 50. Rxa6 {[%emt 0:00:03]} Nxb4 {[%emt 0:00:00]} 51. Rxb6 {[%emt 0:00:01]} Nd5 {[%emt 0:00:01]} 52. Rb7 {[%emt 0:00:01]} Ne7 {[%emt 0:00:01]} 53. Kg5 {[%emt 0:00:02]} Nc6 {[%emt 0:00:03] Chase the sun bietet Remis} 54. Rc7 {[%emt 0:00:02]} Ne5 {[%emt 0:00:02]} 55. h6 {[%emt 0:00:05]} gxh6+ {[%emt 0:00:01]} 56. Kxh6 {[%emt 0:00:01]} Ng4+ {[%emt 0:00:01]} 57. Kg5 {[%emt 0:00:01]} Ne5 {[%emt 0:00:01]} 58. Ra7 {[%emt 0:00:01]} Nf3+ {[%emt 0:00:01]} 59. Kh6 {[%emt 0:00:01]} Ne5 {[%emt 0:00:00]} 60. Rg7+ {[%emt 0:00:01]} Kh8 {[%emt 0:00:01]} 61. Rh7+ {[%emt 0:00:01]} Kg8 {[%emt 0:00:01]} 62. Ra7 {[%emt 0:00:08]} Nxg6 {[%emt 0:00:00]} 63. Kxg6 {[%emt 0:00:01] Chase the sun bietet Remis (Lag: Av=0.75s, max=2.9s)} 1/2-1/2

[Event "Stay Safe Play From Home 131"]
[Site "T#645805Emanuel Laske"]
[Date "2020.05.07"]
[Round "1"]
[White "Lazieri3"]
[Black "Ankurkhatri"]
[Result "*"]
[WhiteElo "2022"]
[BlackElo "1669"]
[Annotator "TA"]
[PlyCount "53"]
[EventDate "2020.05.07"]
[EventType "swiss (blitz)"]

{[%evp 13,53,0,0,0,38,-11,-7,-15,0,0,-2,0,0,-5,-11,-10,0,0,0,-20,0,0,50,43,46,0,35,9,16,0,22,15,48,47,54,8,4,0,0,0,0,0]} 1. e4 e5 2. Nf3 Nc6 3. d4 exd4 4. Nxd4 Nf6 5. Nxc6 bxc6 6. Bd3 d5 7. exd5 cxd5 ({Don't play} 7... Qxd5 8. O-O $14) 8. O-O {C45: Scotch Game.} Bd6 9. Bg5 {9.c4 is the modern continuation.} O-O 10. Qf3 c6 11. Bxf6 Qxf6 12. Qxf6 gxf6 13. Nd2 {[#]} Bd7 $146 ({Predecessor:} 13... Rb8 14. Rab1 Be5 15. c3 Be6 16. f4 Bd6 17. c4 Bc5+ 18. Kh1 Rfd8 19. f5 dxc4 20. fxe6 cxd3 21. Rxf6 fxe6 22. Rxe6 {0-1 (28) Sofyin,P (2009)-Litvinenko,E Cheliabinsk 2011}) 14. c4 Rfe8 15. cxd5 cxd5 16. Rfe1 Rxe1+ (16... Reb8 {is interesting.} 17. Rab1 a5 18. Nf3 Rb4 19. Re2 a4) 17. Rxe1 Re8 (17... a5 {seems wilder.} 18. Nf3 a4 19. Nd4 Rb8 20. Bf5 Be8) 18. Rxe8+ Bxe8 $14 {[%mdl 4096] Endgame KBB-KBN} 19. a3 Kf8 20. Kf1 Bd7 ({Don't blunder} 20... Bxh2 $2 21. g3 $18) 21. h3 h5 22. Be2 h4 23. Nf3 Be5 24. b4 Bb2 {The position is equal.} 25. Nxh4 Bxa3 26. b5 Ke7 27. Bd3 {Accuracy: White = 73%, Black = 75%.} *

[Event "Stay Safe Play From Home 131"]
[Site "T#645805Emanuel Laske"]
[Date "2020.05.07"]
[Round "1"]
[White "Tumnik_ad"]
[Black "Nickless0"]
[Result "0-1"]
[WhiteElo "1898"]
[BlackElo "1944"]
[PlyCount "76"]
[EventDate "2020.05.07"]
[EventType "swiss (blitz)"]

1. c3 {[%emt 0:00:02]} e5 {[%emt 0:00:04]} 2. d3 {[%emt 0:00:01]} d5 {[%emt 0:00:01]} 3. Nd2 {[%emt 0:00:00]} Nc6 {[%emt 0:00:01]} 4. h3 {[%emt 0:00:00]} Nf6 {[%emt 0:00:01]} 5. g4 {[%emt 0:00:00]} Be6 {[%emt 0:00:01]} 6. Bg2 {[%emt 0:00:00]} Qd7 {[%emt 0:00:12]} 7. Nf1 {[%emt 0:00:00]} O-O-O {[%emt 0:00:02]} 8. Ng3 {[%emt 0:00:00]} h5 {[%emt 0:00:03]} 9. gxh5 {[%emt 0:00:01]} Nxh5 {[%emt 0:00:02]} 10. Nxh5 {[%emt 0:00:00]} Rxh5 {[%emt 0:00:01]} 11. e4 {[%emt 0:00:00]} g6 {[%emt 0:00:06]} 12. Bf3 {[%emt 0:00:04]} Rh7 {[%emt 0:00:05]} 13. Bg5 {[%emt 0:00:11]} Be7 {[%emt 0:00:02]} 14. Bxe7 {[%emt 0:00:01]} Qxe7 {[%emt 0:00:00]} 15. Qc2 {[%emt 0:00:17]} Qf6 {[%emt 0:00:35]} 16. O-O-O {[%emt 0:00:08]} Bxh3 {[%emt 0:00:16]} 17. exd5 {[%emt 0:00:12]} Ne7 {[%emt 0:00:06]} 18. Qb3 {[%emt 0:00:06]} e4 {[%emt 0:00:19]} 19. Rxh3 {[%emt 0:00:06]} Rxh3 {[%emt 0:00:13]} 20. Bg4+ {[%emt 0:00:01]} Kb8 {[%emt 0:00:01]} 21. Bxh3 {[%emt 0:00:01]} Qxf2 {[%emt 0:00:02]} 22. dxe4 {[%emt 0:00:26]} Qe3+ {[%emt 0:00:02]} 23. Kb1 {[%emt 0:00:03]} Qxe4+ {[%emt 0:00:01]} 24. Qc2 {[%emt 0:00:01]} Qh4 {[%emt 0:00:04]} 25. d6 {[%emt 0:00:05]} cxd6 {[%emt 0:00:05]} 26. Qg2 {[%emt 0:00:03]} Nc6 {[%emt 0:00:03]} 27. Nf3 {[%emt 0:00:04]} Qf4 {[%emt 0:00:02]} 28. Qg4 {[%emt 0:00:07]} Qe3 {[%emt 0:00:02]} 29. a3 {[%emt 0:00:17]} f5 {[%emt 0:00:06]} 30. Qg2 {[%emt 0:00:06]} Qe4+ {[%emt 0:00:04]} 31. Ka1 {[%emt 0:00:03]} Na5 {[%emt 0:00:01]} 32. Ne1 {[%emt 0:00:22]} Qa4 {[%emt 0:00:02]} 33. Ka2 {[%emt 0:00:00]} Qxd1 {[%emt 0:00:01]} 34. Nf3 {[%emt 0:00:09]} Qb3+ {[%emt 0:00:01]} 35. Kb1 {[%emt 0:00:01]} Nc4 {[%emt 0:00:00]} 36. Qe2 {[%emt 0:00:02]} Nxa3+ {[%emt 0:00:01]} 37. Kc1 {[%emt 0:00:02]} Nc4 {[%emt 0:00:01]} 38. Nd4 {[%emt 0:00:02]} Qa4 {[%emt 0:00:01] ' Âðåìÿ (Lag: Av=0.34s, max=0.9s)} 0-1

[Event "Stay Safe Play From Home 131"]
[Site "T#645805Emanuel Laske"]
[Date "2020.05.07"]
[Round "1"]
[White "MartinKestler"]
[Black "rohit2007"]
[Result "1-0"]
[WhiteElo "1876"]
[BlackElo "2053"]
[PlyCount "153"]
[EventDate "2020.05.07"]
[EventType "swiss (blitz)"]

1. Nf3 {[%emt 0:00:05]} c5 {[%emt 0:00:02]} 2. b3 {[%emt 0:00:01]} d5 {[%emt 0:00:03]} 3. Bb2 {[%emt 0:00:01]} Nf6 {[%emt 0:00:01]} 4. e3 {[%emt 0:00:01]} g6 {[%emt 0:00:01]} 5. d4 {[%emt 0:00:01]} cxd4 {[%emt 0:00:01]} 6. exd4 {[%emt 0:00:02]} Bg7 {[%emt 0:00:00]} 7. Be2 {[%emt 0:00:01]} O-O {[%emt 0:00:01]} 8. O-O {[%emt 0:00:01]} Ne4 {[%emt 0:00:01]} 9. Nbd2 {[%emt 0:00:01]} Nc6 {[%emt 0:00:02]} 10. c4 {[%emt 0:00:01]} Be6 {[%emt 0:00:05]} 11. h3 {[%emt 0:00:02]} a6 {[%emt 0:00:07]} 12. Rc1 {[%emt 0:00:01]} Rc8 {[%emt 0:00:02]} 13. a3 {[%emt 0:00:01]} a5 {[%emt 0:00:07]} 14. Nxe4 {[%emt 0:00:03]} dxe4 {[%emt 0:00:01]} 15. Ne5 {[%emt 0:00:00]} Nxe5 {[%emt 0:00:01]} 16. dxe5 {[%emt 0:00:00]} a4 {[%emt 0:00:01]} 17. b4 {[%emt 0:00:05]} Qc7 {[%emt 0:00:03]} 18. Qxa4 {[%emt 0:00:05]} Bxe5 {[%emt 0:00:04]} 19. Bxe5 {[%emt 0:00:00]} Qxe5 {[%emt 0:00:00]} 20. Qb5 {[%emt 0:00:05]} Qxb5 {[%emt 0:00:04]} 21. cxb5 {[%emt 0:00:00]} Ra8 {[%emt 0:00:01]} 22. Rc3 {[%emt 0:00:06]} Rfc8 {[%emt 0:00:02]} 23. Rfc1 {[%emt 0:00:02]} Rxc3 {[%emt 0:00:03]} 24. Rxc3 {[%emt 0:00:00]} f5 {[%emt 0:00:02]} 25. g3 {[%emt 0:00:05]} Kf7 {[%emt 0:00:01]} 26. h4 {[%emt 0:00:01]} Rc8 {[%emt 0:00:02]} 27. Rxc8 {[%emt 0:00:02]} Bxc8 {[%emt 0:00:00]} 28. a4 {[%emt 0:00:02]} Ke6 {[%emt 0:00:01]} 29. a5 {[%emt 0:00:07]} Kd5 {[%emt 0:00:01]} 30. Kf1 {[%emt 0:00:01]} Kd4 {[%emt 0:00:01]} 31. Ke1 {[%emt 0:00:04]} Kc3 {[%emt 0:00:02]} 32. a6 {[%emt 0:00:01]} bxa6 {[%emt 0:00:01]} 33. bxa6 {[%emt 0:00:00]} Kxb4 {[%emt 0:00:01]} 34. Kd2 {[%emt 0:00:03]} Ka5 {[%emt 0:00:01]} 35. a7 {[%emt 0:00:08]} Bb7 {[%emt 0:00:01]} 36. Bc4 {[%emt 0:00:02]} Kb6 {[%emt 0:00:01]} 37. Bg8 {[%emt 0:00:01]} h6 {[%emt 0:00:03]} 38. Bh7 {[%emt 0:00:02]} Kxa7 {[%emt 0:00:01]} 39. Bxg6 {[%emt 0:00:01]} Bc8 {[%emt 0:00:01]} 40. Ke3 {[%emt 0:00:01]} e5 {[%emt 0:00:03]} 41. g4 {[%emt 0:00:12]} fxg4 {[%emt 0:00:16]} 42. Kxe4 {[%emt 0:00:04]} Kb6 {[%emt 0:00:01]} 43. Kxe5 {[%emt 0:00:01]} Kc7 {[%emt 0:00:01]} 44. Bf5 {[%emt 0:00:01]} Bb7 {[%emt 0:00:04]} 45. Bxg4 {[%emt 0:00:02]} Kd8 {[%emt 0:00:00]} 46. Kf6 {[%emt 0:00:02]} Ke8 {[%emt 0:00:06]} 47. Kg7 {[%emt 0:00:02]} Bd5 {[%emt 0:00:04]} 48. Kxh6 {[%emt 0:00:02]} Kf8 {[%emt 0:00:01]} 49. f4 {[%emt 0:00:03]} Kg8 {[%emt 0:00:01]} 50. Kg6 {[%emt 0:00:02]} Be4+ {[%emt 0:00:02]} 51. Kf6 {[%emt 0:00:02]} Kh8 {[%emt 0:00:02]} 52. Bf5 {[%emt 0:00:05] rohit2007 offers a draw} Bf3 {[%emt 0:00:02]} 53. Bg6 {[%emt 0:00:04]} Bg4 {[%emt 0:00:01]} 54. h5 {[%emt 0:00:01]} Bh3 {[%emt 0:00:06]} 55. h6 {[%emt 0:00:01]} Bg4 {[%emt 0:00:01]} 56. Bf5 {[%emt 0:00:02]} Bf3 {[%emt 0:00:02]} 57. Be6 {[%emt 0:00:06]} Be4 {[%emt 0:00:02]} 58. Kg5 {[%emt 0:00:01]} Bd3 {[%emt 0:00:06]} 59. Bf7 {[%emt 0:00:04]} Be4 {[%emt 0:00:02]} 60. Bg6 {[%emt 0:00:02]} Bd5 {[%emt 0:00:02]} 61. f5 {[%emt 0:00:01]} Bc4 {[%emt 0:00:02]} 62. f6 {[%emt 0:00:01]} Be6 {[%emt 0:00:01]} 63. Kf4 {[%emt 0:00:01]} Bg8 {[%emt 0:00:01]} 64. Ke5 {[%emt 0:00:01]} Bc4 {[%emt 0:00:01]} 65. Kd6 {[%emt 0:00:01]} Bb3 {[%emt 0:00:03]} 66. Ke7 {[%emt 0:00:01]} Bc4 {[%emt 0:00:01]} 67. Bf5 {[%emt 0:00:01]} Bf7 {[%emt 0:00:13]} 68. Be6 {[%emt 0:00:03]} Bg6 {[%emt 0:00:05]} 69. Bd7 {[%emt 0:00:05]} Bh5 {[%emt 0:00:12]} 70. Be8 {[%emt 0:00:01]} Bg6 {[%emt 0:00:01]} 71. h7 {[%emt 0:00:03]} Kxh7 {[%emt 0:00:03]} 72. Bxg6+ {[%emt 0:00:01]} Kh8 {[%emt 0:00:01]} 73. f7 {[%emt 0:00:00]} Kg7 {[%emt 0:00:00]} 74. f8=Q+ {[%emt 0:00:01]} Kxg6 {[%emt 0:00:00]} 75. Qf7+ {[%emt 0:00:01]} Kg5 {[%emt 0:00:00]} 76. Ke6 {[%emt 0:00:01]} Kh4 {[%emt 0:00:00]} 77. Qg8 {[%emt 0:00:01] Time (Lag: Av=0.53s, max=1.1s)} 1-0

[Event "Stay Safe Play From Home 131"]
[Site "T#645805Emanuel Laske"]
[Date "2020.05.07"]
[Round "1"]
[White "Edmatuag"]
[Black "Shatarchin7"]
[Result "0-1"]
[WhiteElo "1724"]
[BlackElo "2070"]
[PlyCount "78"]
[EventDate "2020.05.07"]
[EventType "swiss (blitz)"]

1. e4 {[%emt 0:00:03]} c5 {[%emt 0:00:05]} 2. Nf3 {[%emt 0:00:02]} d6 {[%emt 0:00:02]} 3. d4 {[%emt 0:00:01]} cxd4 {[%emt 0:00:02]} 4. Nxd4 {[%emt 0:00:00]} Nf6 {[%emt 0:00:01]} 5. Nc3 {[%emt 0:00:01]} a6 {[%emt 0:00:05]} 6. Be2 {[%emt 0:00:04]} e5 {[%emt 0:00:01]} 7. Nb3 {[%emt 0:00:02]} Be7 {[%emt 0:00:00]} 8. O-O {[%emt 0:00:01]} Be6 {[%emt 0:00:01]} 9. Kh1 {[%emt 0:00:04]} O-O {[%emt 0:00:01]} 10. Qd3 {[%emt 0:00:04]} b5 {[%emt 0:00:02]} 11. Bd2 {[%emt 0:00:01]} Nbd7 {[%emt 0:00:08]} 12. Nd5 {[%emt 0:00:02]} Bxd5 {[%emt 0:00:02]} 13. exd5 {[%emt 0:00:01]} Nb6 {[%emt 0:00:01]} 14. Bf3 {[%emt 0:00:15]} Nc4 {[%emt 0:00:01]} 15. Bc3 {[%emt 0:00:04]} Nd7 {[%emt 0:00:09]} 16. Be4 {[%emt 0:00:06]} g6 {[%emt 0:00:02]} 17. g4 {[%emt 0:00:03]} a5 {[%emt 0:00:10]} 18. a3 {[%emt 0:00:06]} a4 {[%emt 0:00:01]} 19. Nd2 {[%emt 0:00:02]} Nc5 {[%emt 0:00:02]} 20. Qe2 {[%emt 0:00:09]} Nxd2 {[%emt 0:00:18]} 21. Bxd2 {[%emt 0:00:06]} Nxe4 {[%emt 0:00:01]} 22. Qxe4 {[%emt 0:00:02]} Rc8 {[%emt 0:00:01]} 23. h3 {[%emt 0:00:20]} Rc4 {[%emt 0:00:01]} 24. Qd3 {[%emt 0:00:27]} Rd4 {[%emt 0:00:05]} 25. Qe2 {[%emt 0:00:02]} Rxd5 {[%emt 0:00:05]} 26. Bb4 {[%emt 0:00:02]} Qa8 {[%emt 0:00:03]} 27. Kh2 {[%emt 0:00:07]} Qc6 {[%emt 0:00:02]} 28. Rad1 {[%emt 0:00:04]} Rc8 {[%emt 0:00:08]} 29. c3 {[%emt 0:00:02]} Bg5 {[%emt 0:00:07]} 30. Rxd5 {[%emt 0:00:04]} Qxd5 {[%emt 0:00:01]} 31. Rd1 {[%emt 0:00:00]} Bf4+ {[%emt 0:00:03]} 32. Kg1 {[%emt 0:00:01]} Qb7 {[%emt 0:00:25]} 33. Rxd6 {[%emt 0:00:02]} h6 {[%emt 0:00:03]} 34. Rd1 {[%emt 0:00:13]} Rc4 {[%emt 0:00:01]} 35. Qd3 {[%emt 0:00:05]} Rc8 {[%emt 0:00:20]} 36. Qd5 {[%emt 0:00:01]} Qb6 {[%emt 0:00:06]} 37. Qd6 {[%emt 0:00:03]} Qxd6 {[%emt 0:00:04]} 38. Rxd6 {[%emt 0:00:02]} e4 {[%emt 0:00:01]} 39. Rb6 {[%emt 0:00:02]} e3 {[%emt 0:00:00] Time (Lag: Av=1.11s, max=1.9s)} 0-1

[Event "Stay Safe Play From Home 131"]
[Site "T#645805Emanuel Laske"]
[Date "2020.05.07"]
[Round "2"]
[White "Don59as"]
[Black "Chase the sun"]
[Result "1-0"]
[WhiteElo "2085"]
[BlackElo "1889"]
[Annotator "NA"]
[PlyCount "71"]
[EventDate "2020.05.07"]
[EventType "swiss (blitz)"]

1. c4 {[%emt 0:00:02]} e6 {[%emt 0:00:01]} 2. e4 {[%emt 0:00:01]} d5 {[%emt 0:00:02]} 3. cxd5 {[%emt 0:00:01]} exd5 {[%emt 0:00:01]} 4. e5 {[%emt 0:00:00]} Be7 {[%emt 0:00:16]} 5. f4 {[%emt 0:00:05]} f6 {[%emt 0:00:01]} 6. Nf3 {[%emt 0:00:01]} fxe5 {[%emt 0:00:01]} 7. fxe5 {[%emt 0:00:00]} Nh6 {[%emt 0:00:04]} 8. d4 {[%emt 0:00:01]} O-O {[%emt 0:00:01]} 9. Bxh6 {[%emt 0:00:11]} gxh6 {[%emt 0:00:02]} 10. h3 {[%emt 0:00:02]} Bf5 {[%emt 0:00:04]} 11. Bd3 {[%emt 0:00:03]} c5 {[%emt 0:00:01]} 12. O-O {[%emt 0:00:06]} cxd4 {[%emt 0:00:03]} 13. Nxd4 {[%emt 0:00:08]} Bxd3 {[%emt 0:00:01]} 14. Qxd3 {[%emt 0:00:03]} Bc5 {[%emt 0:00:02]} 15. Rxf8+ {[%emt 0:00:07]} Qxf8 {[%emt 0:00:00]} 16. Nc3 {[%emt 0:00:01]} Nc6 {[%emt 0:00:02]} 17. Nce2 {[%emt 0:00:03]} Nxe5 {[%emt 0:00:07]} 18. Qg3+ {[%emt 0:00:08]} Qg7 {[%emt 0:00:04]} 19. Qxg7+ {[%emt 0:00:03]} Kxg7 {[%emt 0:00:00]} 20. Rc1 {[%emt 0:00:02]} b6 {[%emt 0:00:18]} 21. Kh2 {[%emt 0:00:02]} Nd3 {[%emt 0:00:05]} 22. Rc3 {[%emt 0:00:13]} Nxb2 {[%emt 0:00:05]} 23. Ne6+ {[%emt 0:00:01]} Kf6 {[%emt 0:00:01]} 24. Nxc5 {[%emt 0:00:01]} bxc5 {[%emt 0:00:00]} 25. Rxc5 {[%emt 0:00:01]} Rd8 {[%emt 0:00:02]} 26. Nd4 {[%emt 0:00:03]} Nc4 {[%emt 0:00:08]} 27. Rc7 {[%emt 0:00:03]} a5 {[%emt 0:00:05]} 28. Rxh7 {[%emt 0:00:03]} Kg6 {[%emt 0:00:01]} 29. Ra7 {[%emt 0:00:05] Chase the sun bietet Remis} Rd6 {[%emt 0:00:04]} 30. g4 {[%emt 0:00:07]} Rf6 {[%emt 0:00:02]} 31. Kg3 {[%emt 0:00:02]} Ne3 {[%emt 0:00:03]} 32. Rxa5 {[%emt 0:00:08]} Nf1+ {[%emt 0:00:01]} 33. Kh4 {[%emt 0:00:07]} Nd2 {[%emt 0:00:04]} 34. Rxd5 {[%emt 0:00:04]} Rf4 {[%emt 0:00:01]} 35. Kg3 {[%emt 0:00:12]} Rf6 {[%emt 0:00:03]} 36. Nf5 {[%emt 0:00:05] Chase the sun gibt auf (Lag: Av=0.58s, max=3.5s)} 1-0

[Event "Stay Safe Play From Home 131"]
[Site "T#645805Emanuel Laske"]
[Date "2020.05.07"]
[Round "2"]
[White "Shatarchin7"]
[Black "Haris kollari 13"]
[Result "0-1"]
[WhiteElo "2074"]
[BlackElo "1887"]
[Annotator "NA"]
[PlyCount "106"]
[EventDate "2020.05.07"]
[EventType "swiss (blitz)"]

1. Nf3 {[%emt 0:00:02]} e6 {[%emt 0:00:01]} 2. e3 {[%emt 0:00:01]} d5 {[%emt 0:00:01]} 3. c4 {[%emt 0:00:01]} c6 {[%emt 0:00:01]} 4. Nc3 {[%emt 0:00:01]} f5 {[%emt 0:00:01]} 5. d4 {[%emt 0:00:01]} Nf6 {[%emt 0:00:01]} 6. Be2 {[%emt 0:00:01]} Bd6 {[%emt 0:00:01]} 7. O-O {[%emt 0:00:01]} Nbd7 {[%emt 0:00:04]} 8. b3 {[%emt 0:00:01]} h6 {[%emt 0:00:05]} 9. Bb2 {[%emt 0:00:02]} g5 {[%emt 0:00:02]} 10. Ne5 {[%emt 0:00:13]} Nxe5 {[%emt 0:00:07]} 11. dxe5 {[%emt 0:00:01]} Bxe5 {[%emt 0:00:01]} 12. Bh5+ {[%emt 0:00:01]} Kf8 {[%emt 0:00:05]} 13. f4 {[%emt 0:00:17]} Bd6 {[%emt 0:00:10]} 14. Be2 {[%emt 0:00:06]} Kf7 {[%emt 0:00:07]} 15. Bh5+ {[%emt 0:00:07]} Kg7 {[%emt 0:00:05]} 16. cxd5 {[%emt 0:00:11]} cxd5 {[%emt 0:00:03]} 17. Nb5 {[%emt 0:00:05]} Be7 {[%emt 0:00:01]} 18. Be5 {[%emt 0:00:14]} Bd7 {[%emt 0:00:01]} 19. Nd4 {[%emt 0:00:07]} Kh7 {[%emt 0:00:05]} 20. Be2 {[%emt 0:00:10]} Rg8 {[%emt 0:00:02]} 21. Bd3 {[%emt 0:00:03]} Rc8 {[%emt 0:00:11]} 22. Rc1 {[%emt 0:00:07]} g4 {[%emt 0:00:05]} 23. Qe2 {[%emt 0:00:14]} Ne4 {[%emt 0:00:02]} 24. Bxe4 {[%emt 0:00:03]} dxe4 {[%emt 0:00:02]} 25. Rfd1 {[%emt 0:00:01]} Qe8 {[%emt 0:00:06]} 26. Qb2 {[%emt 0:00:06]} Bc5 {[%emt 0:00:03]} 27. b4 {[%emt 0:00:04]} Bb6 {[%emt 0:00:02]} 28. Rxc8 {[%emt 0:00:06]} Qxc8 {[%emt 0:00:02]} 29. Rc1 {[%emt 0:00:01]} Qe8 {[%emt 0:00:08]} 30. a3 {[%emt 0:00:02]} h5 {[%emt 0:00:08]} 31. g3 {[%emt 0:00:01]} h4 {[%emt 0:00:02]} 32. Rd1 {[%emt 0:00:04]} Kg6 {[%emt 0:00:02]} 33. Qg2 {[%emt 0:00:03]} Bc6 {[%emt 0:00:09]} 34. gxh4 {[%emt 0:00:01]} Bd5 {[%emt 0:00:02]} 35. h3 {[%emt 0:00:01]} Kh5 {[%emt 0:00:03]} 36. hxg4+ {[%emt 0:00:01]} Rxg4 {[%emt 0:00:02]} 37. Rd2 {[%emt 0:00:02]} Rxg2+ {[%emt 0:00:02]} 38. Rxg2 {[%emt 0:00:01]} Bxd4 {[%emt 0:00:02]} 39. Bxd4 {[%emt 0:00:01]} Qb5 {[%emt 0:00:02]} 40. Rg5+ {[%emt 0:00:02]} Kh6 {[%emt 0:00:01]} 41. Rg8 {[%emt 0:00:01]} e5 {[%emt 0:00:04]} 42. Rh8+ {[%emt 0:00:02]} Kg6 {[%emt 0:00:02]} 43. h5+ {[%emt 0:00:01]} Kf7 {[%emt 0:00:01]} 44. Bxe5 {[%emt 0:00:01]} Qe2 {[%emt 0:00:01]} 45. Bd4 {[%emt 0:00:00]} Bc4 {[%emt 0:00:03]} 46. h6 {[%emt 0:00:02]} Qg4+ {[%emt 0:00:03]} 47. Kf2 {[%emt 0:00:01]} Qf3+ {[%emt 0:00:02]} 48. Kg1 {[%emt 0:00:00]} Be2 {[%emt 0:00:02]} 49. Rh7+ {[%emt 0:00:01]} Kg6 {[%emt 0:00:02]} 50. Rg7+ {[%emt 0:00:00]} Kxh6 {[%emt 0:00:01]} 51. Rg5 {[%emt 0:00:00]} Qf1+ {[%emt 0:00:01]} 52. Kh2 {[%emt 0:00:00]} Bf3 {[%emt 0:00:01]} 53. Rg1 {[%emt 0:00:00]} Qf2+ {[%emt 0:00:02] Temps (Lag: Av=0.67s, max=3.0s)} 0-1